书目信息 |
| 题名: |
宗教圣地
|
|
| 作者: | 邱秋娟 , 胡允桓 编撰 ;Heirman 摄影 | |
| 分册: | ||
| 出版信息: | 北京 中国旅游出版社 2005 |
|
| 页数: | 151页 | |
| 开本: | 23cm | |
| 丛书名: | 世界遗产之旅 | |
| 单 册: | ||
| 中图分类: | K917 | |
| 科图分类: | ||
| 主题词: | 宗教建筑--文化遗址--简介--世界 | |
| 电子资源: | ||
| ISBN: | 7-5032-2479-7 | |
| 000 | 01359nam0 2200385 450 | |
| 000 | 01322nam0 2200373 450 | |
| 000 | 01301nam0 2200373 450 | |
| 000 | 01264nam0 2200361 450 | |
| 000 | 01282nam0 2200349 450 | |
| 000 | 01245nam0 2200337 45 | |
| 001 | TS2006022071 | |
| 005 | 20061210161027.04 | |
| 010 | @a7-5032-2479-7@dCNY38.00 | |
| 092 | @aCN@bTS01-024558 | |
| 100 | @a20060829d2005 em y0chiy0110 ea | |
| 101 | 0 | @achi |
| 102 | @aCN@b110000 | |
| 105 | @aab z 000yy | |
| 200 | 1 | @a宗教圣地@Azong jiao sheng di@f胡允桓,邱秋娟编撰@FHu Yun Huan, Qiu Qiu Juan Bian Zhuan@g(比)Tim Heirman等摄影 |
| 210 | @a北京@c中国旅游出版社@d2005 | |
| 215 | @a151页@c照片,地图@d23cm | |
| 225 | 2 | @a世界遗产之旅 |
| 305 | @a台湾风景文化事业股份有限公司授权出版。 | |
| 330 | @a主要内容包括:耶路撒冷、梵蒂冈、法隆寺、东大寺、婆罗浮屠、加德满都谷地、布达拉宫、峨眉山与乐山大佛、泰山等。 | |
| 410 | 0 | @12001 @a世界遗产之旅 |
| 510 | 1 | @aSacred Places of Religion@zeng |
| 606 | 0 | @a宗教建筑@x文化遗址@x简介@y世界 |
| 690 | @aK917@v4 | |
| 701 | 0 | @a邱秋娟@Aqiu qiu juan@4编撰 |
| 701 | 0 | @a胡允桓@Ahu yun huan@4编撰 |
| 702 | 1 | @c(比)@aHeirman@bTim@4摄影 |
| 801 | 0 | @aCN@b中图数据@c20061210 |
| 905 | @a10447@dK917@e103:3 | |
| 宗教圣地/胡允桓,邱秋娟编撰/(比)Tim Heirman等摄影.-北京:中国旅游出版社,2005 |
| 151页:照片,地图;23cm.-(世界遗产之旅) |
| ISBN 7-5032-2479-7:CNY38.00 |
| 主要内容包括:耶路撒冷、梵蒂冈、法隆寺、东大寺、婆罗浮屠、加德满都谷地、布达拉宫、峨眉山与乐山大佛、泰山等。 |
| ● |
| 相关链接 |
|
|
|
|
正题名:宗教圣地
索取号:K917/103:3
 
预约/预借
| 序号 | 登录号 | 条形码 | 馆藏地/架位号 | 状态 | 备注 |
| 1 | 0600546 | 206005464 | 第二样本阅览室/ [索取号:K917/103:3] | 在馆 | |
| 2 | 0600547 | 206005473 | 第二借阅区/ [索取号:K917/103:3] | 在馆 | |
| 3 | 0600548 | 206005482 | 第二借阅区/ [索取号:K917/103:3] | 在馆 | |
| 4 | 0600549 | 206005491 | 第二借阅区/ [索取号:K917/103:3] | 在馆 | |
| 5 | 0600550 | 206005507 | 第二借阅区/ [索取号:K917/103:3] | 在馆 |